200 Most Popular Baby Girl Names Starting with E (2020) - Statistics

General Stats
  • This quiz has been taken 15,841 times
    13,261 since last reset
  • The average score is 92 of 200
Answer Stats
Name % Correct
Ema
97%
Emi
97%
Emma
97%
Emme
97%
Emmi
97%
Emmie
97%
Emmy
97%
Emy
97%
Elli
96%
Ela
95%
Ella
95%
Eve
93%
Ellee
92%
Ellie
92%
Elly
92%
Emely
92%
Emilee
92%
Emilie
92%
Emily
92%
Emmalee
92%
Emmaleigh
92%
Eva
91%
Elle
85%
Elisabeth
84%
Eliza
84%
Elizabeth
84%
Elyza
84%
Elia
81%
Eliyah
81%
Ellia
81%
Evalyn
79%
Evalynn
79%
Evelin
79%
Evelyn
79%
Evelynn
79%
Elin
78%
Ellen
78%
Erin
75%
Eryn
75%
Ester
75%
Esther
75%
Elanor
71%
Eleanor
71%
Eleanore
71%
Elinor
71%
Elleanor
71%
Evie
71%
Emelia
70%
Emilia
70%
Erica
69%
Ericka
69%
Erika
69%
Evan
69%
Elaina
67%
Elayna
67%
Elena
67%
Ellena
67%
Elisa
66%
Elissa
66%
Elyssa
66%
Elsa
64%
Edith
63%
Ever
63%
Eden
60%
Elise
60%
Elyse
60%
Esmae
58%
Esme
58%
Elsie
57%
Elsy
57%
Eliana
54%
Elianna
54%
Eliyanah
54%
Elliana
54%
Ellianna
54%
Ellyana
54%
Elyana
54%
Elyanna
54%
Eloise
53%
Elouise
53%
Everlee
53%
Everleigh
53%
Everley
53%
Everli
53%
Everlie
53%
Everly
53%
Edna
50%
Emeri
50%
Emerie
50%
Emery
50%
Emmarie
50%
Emorie
50%
Emree
50%
Emry
50%
Elaine
49%
Emarie
49%
Emori
49%
Emory
49%
Emrie
49%
Emalyn
48%
Emeline
48%
Emelyn
48%
Emmaline
48%
Emmalyn
48%
Emmalynn
48%
Emmeline
48%
Evangeline
48%
Ember
47%
Eileen
46%
Edie
44%
Effie
44%
Esmeralda
43%
Etta
43%
Emerson
41%
Emersyn
41%
Emmerson
41%
Emmersyn
41%
Ezra
41%
Elina
40%
Ellis
39%
Elana
38%
Estelle
36%
Evangelina
36%
Estela
34%
Estella
34%
Eliette
31%
Elliette
31%
Elliot
31%
Elliott
31%
Elliotte
31%
Elodie
31%
Emerald
31%
Eleanora
30%
Elisha
28%
Eunice
28%
Evana
28%
Evanna
28%
Eila
27%
Elara
27%
Elora
27%
Elvira
26%
Eloisa
22%
Emberlee
22%
Emberleigh
22%
Emberly
22%
Evalina
22%
Evelina
22%
Ehlani
21%
Elani
21%
Eleni
21%
Ellery
20%
Ellison
20%
Everlyn
19%
Everlynn
19%
Eris
17%
Estrella
17%
Echo
16%
Emberlyn
16%
Emberlynn
16%
Esty
16%
Everett
16%
Egypt
15%
Emiliana
15%
Emmanuella
14%
Eviana
14%
Everest
13%
Ellowyn
11%
Elowen
11%
Elowyn
11%
Emani
11%
Emoni
11%
Eowyn
10%
Esperanza
10%
Eira
9%
Ella-Rose
9%
Elysia
9%
Emma-Rose
9%
Emmylou
9%
Ensley
9%
Estefany
9%
Essence
8%
Estefania
7%
Ella-Mae
6%
Ellie-Mae
6%
Eliora
5%
Empress
5%
Eternity
5%
Eisley
4%
Elianny
3%
Eliany
3%
Elif
3%
Elisheva
3%
Ellington
3%
Emiko
3%
Emryn
3%
Eva-Luna
3%
Ezri
3%
Eiza
2%
Evolet
2%
Ezlyn
1%
No matching quizzes found
Score Distribution
Percent of People with Each Score
Percentile by Number Answered
Your Score History
You have not taken this quiz since the last reset